000 00460nam a2200181Ia 4500
001 4016
005 20260306145725.0
008 260306t2010||||xx |||||||||||||| ||spa||
041 _aESP
082 _a306.43
_bS56
100 _aSimpson, María Gabriela
_eAUT
245 0 _aResiliencia sociocultural:
_bdel yo puedo al nosotros podemos
260 _c2010
300 _a213 páginas :
_c21 cm.
650 _aGEN
654 _aCHU
942 _cLIB
_dJUS
_fJUS
_2ddc
_n
999 _c4016
_d4016